Т. 3. Примеры гидравлических расчетов; Нормативный метод гидравлического расчета паровых котлов

Bibliografiske detaljer
Parent link:Нормативный метод гидравлического расчета паровых котлов/ Центральный научно-исследовательский котлотурбинный институт им. И. И. Ползунова; Всесоюзный теплотехнический научно-исследовательский институт им. Ф. Э. Дзержинского. Т. 3. Примеры гидравлических расчетов.— , 1972
Sprog:russisk
Udgivet: 1972
Fag:
Format: MixedMaterials Bog
KOHA link:https://koha.lib.tpu.ru/cgi-bin/koha/opac-detail.pl?biblionumber=77234

MARC

LEADER 00000nam2a2200000 4500
001 77234
005 20231031092554.0
035 |a (RuTPU)RU\TPU\book\82815 
090 |a 77234 
100 |a 20050517d1972 k y0rusy50 ca 
101 0 |a rus 
102 |a RU 
105 |a a o 001zy 
200 0 |a Т. 3. Примеры гидравлических расчетов 
210 |d 1972 
215 |a 146 с.  |c ил. 
461 1 |0 (RuTPU)RU\TPU\book\85667  |t Нормативный метод гидравлического расчета паровых котлов  |f Центральный научно-исследовательский котлотурбинный институт им. И. И. Ползунова; Всесоюзный теплотехнический научно-исследовательский институт им. Ф. Э. Дзержинского  |v Т. 3. Примеры гидравлических расчетов  |d 1972  |s Руководящие указания ; Вып. 33 
610 1 |a паровые котлы 
610 1 |a гидравлический расчет 
610 1 |a нормативы 
610 1 |a расчет 
610 1 |a руководящие указания 
675 |a 621.18.016(083)  |v 3 
801 1 |a RU  |b 63413507  |c 20050517  |g PSBO 
801 2 |a RU  |b 63413507  |c 20230406  |g PSBO 
942 |c BK